| 000 | 00656nam a22002177a 4500 | ||
|---|---|---|---|
| 999 |
_c3461 _d3461 |
||
| 003 | AR-CdUCM | ||
| 008 | 190306b ||||| |||| 00| 0 spa d | ||
| 040 |
_aMUNICIPALIDAD PROVINCIAL DEL CUSCO _cBIBLIOTECA MUNICIPAL DEL CUSCO |
||
| 082 |
_25ed. _a890.45 / _bSI52 |
||
| 100 |
_aSienkiewicz, Enrique _911398 |
||
| 245 | _aQuo vadis / | ||
| 260 |
_aBuenos aires : _bEditorial sopena, _c1954. |
||
| 300 |
_a158 paginas ; _c22 cm. |
||
| 505 | _aContenido :Novela | ||
| 650 |
_aNovelas polacas _911399 |
||
| 650 |
_aSiglo XX _98 |
||
| 650 |
_aLiteratura polaca _93389 |
||
| 700 |
_aBasile, Roberto (traductor) _911400 |
||
| 942 |
_2ddc _cLIBROS |
||
| 945 | _arum | ||